| 000 | 00428nab a2200145Ia 4500 | ||
|---|---|---|---|
| 003 | ES-SlBCS | ||
| 005 | 20210601143645.0 | ||
| 008 | 140529s1982 xxu||||| |||| 00| 0 spa d | ||
| 041 | _aspa | ||
| 100 | 1 |
_aCamarero, Carlos _9290972 |
|
| 245 | 0 | 0 |
_aLa psicología debe ser un servicio público _c Carlos Camarero |
| 650 | 0 | 4 |
_aPsicología _944875 |
| 773 | 0 |
_tPapeles del Psicólogo _gnº. 3, 1982, págs. 3-5 _wRev1322 |
|
| 942 | _cAR | ||
| 999 |
_c695704 _d695704 |
||